[Event "Titled Tuesday intern op 13th Jun Late"]
[Site "Chess.com INT"]
[Date "2023.06.13"]
[Round "11"]
[White "Martinez, Ayelen"]
[Black "Kubatko, Ivan"]
[Result "0-1"]
[WhiteElo "2099"]
[BlackElo "2257"]
[PlyCount "54"]
[EventDate "2023.06.13"]
[EventType "swiss (blitz)"]
[EventRounds "11"]
[EventCountry "USA"]
[SourceTitle "EXT 2024"]
[Source "ChessBase"]
[SourceDate "2023.10.10"]
[SourceVersion "1"]
[SourceVersionDate "2023.10.10"]
[SourceQuality "1"]

1. e4 d5 2. exd5 Qxd5 3. Nc3 Qa5 4. Bc4 Nf6 5. Nf3 Bg4 6. h3 Bh5 7. d4 Nc6 8. Bd2 0-0-0 9. Nd5 Qa4 10. b3 Qa3 11. Nxf6 gxf6 12. g4 Bg6 13. d5 Nb4 14. Nd4 Nxd5 15. Nb5 Qc5 16. Qf3 a6 17. Nc3 Nb4 18. 0-0 Rxd2 19. Na4 Qd6 20. Rae1 Nxc2 21. Rc1 Bh6 22. Bxa6 Qxa6 23. Nc5 Qc6 24. Qc3 Rhd8 25. Qa5 Kb8 26. b4 Qb6 27. Qa4 Qxb4 0-1

[Event "Titled Tuesday intern op 02nd May Late"]
[Site "Chess.com INT"]
[Date "2023.05.02"]
[Round "4"]
[White "Jelcic, Marko"]
[Black "Kubatko, Ivan"]
[Result "0-1"]
[WhiteElo "2201"]
[BlackElo "2257"]
[PlyCount "66"]
[EventDate "2023.05.02"]
[EventType "swiss (blitz)"]
[EventRounds "11"]
[EventCountry "USA"]
[SourceTitle "EXT 2024"]
[Source "ChessBase"]
[SourceDate "2023.10.10"]
[SourceVersion "1"]
[SourceVersionDate "2023.10.10"]
[SourceQuality "1"]

1. c4 e6 2. g3 d5 3. Bg2 Nf6 4. Nf3 c5 5. cxd5 exd5 6. d4 Nc6 7. 0-0 Be7 8. Nc3 0-0 9. b3 Ne4 10. Bb2 Bf6 11. Nxe4 dxe4 12. Ne5 Nxd4 13. Bxd4 cxd4 14. Nc4 Re8 15. Rc1 Bf5 16. Qd2 Qd7 17. Qf4 Rad8 18. Rfd1 h6 19. h4 g5 20. Qd2 Kg7 21. e3 d3 22. hxg5 hxg5 23. Qa5 Bh3 24. Nd2 Rh8 25. Rc7 Qg4 26. Rxf7+ Kxf7 27. Qc7+ Rd7 28. Qc4+ Kg7 29. f3 exf3 30. Qxg4 Bxg4 31. Nxf3 Re8 32. Nd4 Rxd4 33. exd4 Bxd1 0-1

[Event "Titled Tuesday intern op 02nd May Late"]
[Site "Chess.com INT"]
[Date "2023.05.02"]
[Round "3"]
[White "Kubatko, Ivan"]
[Black "Garcia Molina, Jose"]
[Result "0-1"]
[WhiteElo "2257"]
[BlackElo "2261"]
[PlyCount "160"]
[EventDate "2023.05.02"]
[EventType "swiss (blitz)"]
[EventRounds "11"]
[EventCountry "USA"]
[SourceTitle "EXT 2024"]
[Source "ChessBase"]
[SourceDate "2023.10.10"]
[SourceVersion "1"]
[SourceVersionDate "2023.10.10"]
[SourceQuality "1"]

1. e4 e6 2. d4 d5 3. exd5 exd5 4. Nf3 Bd6 5. c4 dxc4 6. Bxc4 c6 7. 0-0 h6 8. Qb3 Qf6 9. Ne5 Bxe5 10. dxe5 Qe7 11. Nc3 Bf5 12. e6 fxe6 13. Re1 Kf7 14. Re5 g6 15. Bf4 Nd7 16. Rae1 Nxe5 17. Rxe5 Re8 18. h3 b5 19. Be2 a5 20. g4 a4 21. Qd1 Rd8 22. Qc1 g5 23. gxf5 gxf4 24. fxe6+ Kg7 25. Qxf4 Qf6 26. Qe3 Ne7 27. Re4 Rhf8 28. Rg4+ Kh8 29. Ne4 Qxe6 30. Bd3 Nf5 31. Qf3 Nd4 32. Qg3 Nf5 33. Qf3 Rxd3 34. Qxd3 Ng7 35. Ng3 Qf6 36. Qe2 Re8 37. Re4 Rd8 38. Kg2 a3 39. bxa3 Ra8 40. Qf3 Qxf3+ 41. Kxf3 Rxa3+ 42. Re3 Rxa2 43. Re7 Rb2 44. Kg4 Kg8 45. f4 Kf8 46. Rc7 Rc2 47. f5 Ne8 48. Rc8 Ke7 49. Ne4 b4 50. Kf4 b3 51. Ke5 b2 52. Rb8 Re2 53. Kd4 Kd7 54. Nc5+ Kc7 55. Rb7+ Kc8 56. Rb3 Nd6 57. f6 Nb5+ 58. Kc4 Na3+ 59. Kd3 Rf2 60. Rxb2 Rxb2 61. Ne4 Rb7 62. Kd4 Rf7 63. Ke5 Kd7 64. Nc5+ Ke8 65. Ke6 Nc4 66. Nb7 c5 67. Nxc5 h5 68. Ne4 Kf8 69. Kd5 Ne3+ 70. Ke6 Ra7 71. h4 Ra6+ 72. Ke5 Nc4+ 73. Kd5 Ne3+ 74. Ke5 Ng4+ 75. Kf5 Kf7 76. Ng5+ Kf8 77. Ne6+ Kg8 78. Ng5 Rxf6+ 79. Ke4 Kg7 80. Kd3 Rf4 0-1

[Event "Titled Tuesday intern op 02nd May Early"]
[Site "Chess.com INT"]
[Date "2023.05.02"]
[Round "2"]
[White "Kubatko, Ivan"]
[Black "Goswami, Vedant"]
[Result "0-1"]
[WhiteElo "2257"]
[BlackElo "2034"]
[PlyCount "110"]
[EventDate "2023.05.02"]
[EventType "swiss (blitz)"]
[EventRounds "11"]
[EventCountry "USA"]
[SourceTitle "EXT 2024"]
[Source "ChessBase"]
[SourceDate "2023.10.10"]
[SourceVersion "1"]
[SourceVersionDate "2023.10.10"]
[SourceQuality "1"]

1. e4 c6 2. d4 d5 3. exd5 cxd5 4. c4 e6 5. Nc3 Nf6 6. Nf3 Be7 7. cxd5 Nxd5 8. Bd3 Nc6 9. 0-0 0-0 10. Re1 Bf6 11. Be4 Nce7 12. Qd3 h6 13. Ne5 Bd7 14. Qg3 Kh8 15. Qh3 Nxc3 16. bxc3 Nf5 17. g4 Nd6 18. Bd3 Bg5 19. f4 Bh4 20. Rf1 Bf6 21. g5 Bxe5 22. gxh6 g6 23. fxe5 Nf5 24. Qg4 Bc6 25. Be4 Rc8 26. Bg5 Qd7 27. Bf6+ Kh7 28. Rf3 Bxe4 29. Qxe4 Qd5 30. Qg4 Rc4 31. Raf1 Rfc8 32. Rxf5 exf5 33. Rxf5 Rxc3 34. Rf1 Rc1 35. Qg5 Rxf1+ 36. Kxf1 Qe4 37. Qd2 Rc2 38. Qe1 Qd3+ 39. Kg1 Qxd4+ 40. Kf1 Qd3+ 41. Kg1 Qd4+ 42. Kf1 Qc4+ 43. Kg1 Rc1 44. Bh4 Rxe1+ 45. Bxe1 Qe4 46. Bg3 Qe3+ 47. Kg2 Kxh6 48. h4 Qe2+ 49. Bf2 Kh5 50. Kg3 Qe4 51. Kh2 a5 52. Bg3 Kg4 53. e6 Qxe6 54. h5 Qe2+ 55. Kg1 Kxg3 0-1